[Event "III TSz o Puchar Prezesa Fundacji na Rzecz Kultury Fizycznej i Sportu"]
[Site "Kolbuszowa"]
[Date "1899-12-30"]
[Round "1.1"]
[White "Mika, Tomasz"]
[Black "Socha, Kamil"]
[Result "1-0"]
[WhiteTitle "I++"]
[BlackTitle "II"]
[WhiteElo "2184"]
[BlackElo "1688"]

1. e4 e6 2. d3 d5 3. Nd2 Nf6 4. Ngf3 Be7 5. g3 O-O 6. Bg2 c5 7. O-O Nc6 8. e5 Nd7
9. Re1 Qc7 10. Qe2 Rb8 11. Nf1 b5 12. h4 a5 13. N1h2 a4 14. Bf4 b4 15. Ng4 Ba6
16. h5 a3 17. b3 Nd4 18. Nxd4 cxd4 19. Nf6+ Kh8 20. Nxd5 exd5 21. e6 Bd6 22. Bxd6
Qxd6 23. exd7 Qxd7 24. Qe5 Qc6 25. Qxd4 h6 26. Re2 Rfe8 27. Rae1 Rxe2 28. Rxe2
1-0

[Event "III TSz o Puchar Prezesa Fundacji na Rzecz Kultury Fizycznej i Sportu"]
[Site "Kolbuszowa"]
[Date "1899-12-30"]
[Round "1.2"]
[White "Nowakowski, Jacek"]
[Black "Pulik, Krzysztof"]
[Result "0-1"]
[WhiteTitle "I"]
[BlackTitle "k"]
[WhiteElo "1674"]
[BlackElo "2128"]

1. c4 e6 2. Nc3 d5 3. cxd5 exd5 4. e3 c5 5. d4 Nf6 6. dxc5 Bxc5 7. Nf3 O-O 8. Be2
Nc6 9. O-O a6 10. b3 Qd6 11. Na4 Ba7 12. Bb2 b5 13. Nc3 Bg4 14. Nd4 Bb8 15. f4
Nxd4 16. Bxg4 Ne6 17. Bf5 Ba7 18. Qf3 Rfe8 19. Kh1 Qc5 20. e4 Nd4 21. Qd3 Nxf5
22. exf5 Re3 23. Qd2 Rae8 24. Rad1 d4 25. Nb1 Re2 26. Bxd4 Qc6 0-1

[Event "III TSz o Puchar Prezesa Fundacji na Rzecz Kultury Fizycznej i Sportu"]
[Site "Kolbuszowa"]
[Date "1899-12-30"]
[Round "1.3"]
[White "Polok, Rafal"]
[Black "Mroz, Lena"]
[Result "1-0"]
[WhiteTitle "I++"]
[BlackTitle "I++"]
[WhiteElo "2075"]
[BlackElo "1636"]

1. e4 c5 2. Nc3 a6 3. a4 Nc6 4. f4 d6 5. Bc4 Nf6 6. h3 h5 7. Nf3 Qc7 8. O-O Bd7
9. d3 e6 10. Ng5 Be7 11. f5 Qc8 12. Bf4 Rf8 13. Qe1 e5 14. Be3 Qc7 15. Ne2 Nb4
16. Qd1 g6 17. c3 Nc6 18. Qb3 Nd8 19. d4 cxd4 20. cxd4 Bc6 21. Rac1 Qa5 22. Nc3
Rb8 23. d5 Qc7 24. Bb6 Qd7 25. dxc6 bxc6 26. a5 Qb7 27. Qd1 Nd7 28. Bxd8 Rxd8
29. fxg6 Bxg5 30. Qxd6 fxg6 31. Qxg6+ Ke7 32. Qe6# 1-0

[Event "III TSz o Puchar Prezesa Fundacji na Rzecz Kultury Fizycznej i Sportu"]
[Site "Kolbuszowa"]
[Date "1899-12-30"]
[Round "1.4"]
[White "Kryzia, Wiktor"]
[Black "Wiejaczka, Bartlomiej"]
[Result "0-1"]
[WhiteTitle "II"]
[BlackTitle "I"]
[WhiteElo "1603"]
[BlackElo "2022"]

1. e4 c5 2. Nf3 d6 3. d4 cxd4 4. Nxd4 Nf6 5. Nc3 Nc6 6. Bc4 Qb6 7. Nde2 e6 8. O-O
a6 9. Bb3 Be7 10. Be3 Qc7 11. h3 O-O 12. Qd2 b5 13. Ng3 Bb7 14. a4 b4 15. Na2
a5 16. c3 Ba6 17. Rfc1 Qb7 18. cxb4 axb4 19. f3 Na5 20. Bd1 Nc4 21. Rxc4 Bxc4
22. Qxb4 Qxb4 23. Nxb4 Rfc8 24. b3 d5 25. bxc4 Bxb4 26. cxd5 exd5 27. Rb1 Bc5
28. Bxc5 Rxc5 29. exd5 Nxd5 30. Ne4 Nc3 31. Nxc3 Rxc3 32. Be2 Ra3 33. Bb5 Rc8
34. Rd1 g6 35. Rd7 Rc2 36. Rd8+ Kg7 37. Ra8 Raa2 0-1

[Event "III TSz o Puchar Prezesa Fundacji na Rzecz Kultury Fizycznej i Sportu"]
[Site "Kolbuszowa"]
[Date "1899-12-30"]
[Round "1.5"]
[White "Gawor, Jan Pawel"]
[Black "Peret, Ryszard"]
[Result "1-0"]
[WhiteTitle "I+"]
[BlackTitle "I"]
[WhiteElo "1920"]
[BlackElo "1588"]

1. e4 e5 2. Nf3 Nf6 3. d4 exd4 4. e5 Ne4 5. Bd3 d5 6. exd6 Nxd6 7. Nxd4 Be7 8.
Nc3 c6 9. Be3 O-O 10. Qf3 Nd7 11. O-O-O Ne5 12. Bxh7+ Kxh7 13. Qh5+ Kg8 14. Qxe5
Nc4 15. Qe4 Nd6 16. Qf3 Qa5 17. h4 Nc4 18. Nb3 Qa6 19. Bd4 Re8 20. Qg3 Bf8 21.
h5 Bf5 22. h6 Bg6 23. f4 Nd6 24. hxg7 Bxg7 25. Qh4 f5 26. Bxg7 Kxg7 27. Rxd6 1-0

[Event "III TSz o Puchar Prezesa Fundacji na Rzecz Kultury Fizycznej i Sportu"]
[Site "Kolbuszowa"]
[Date "1899-12-30"]
[Round "1.6"]
[White "Kusiak, Mateusz"]
[Black "Meers, Hubert"]
[Result "0-1"]
[WhiteTitle "II"]
[BlackTitle "I+"]
[WhiteElo "1472"]
[BlackElo "1910"]

1. e4 c5 2. Nf3 Nc6 3. d4 cxd4 4. Nxd4 Nf6 5. Nc3 d6 6. Bg5 h6 7. Bxf6 gxf6 8.
Bb5 Bd7 9. Nd5 e6 10. Ne3 Qb6 11. Bxc6 bxc6 12. Nb3 Qb4+ 13. c3 Qxe4 14. Nd2 Qg6
15. Qb3 Be7 16. Qb7 Rd8 17. Qxa7 O-O 18. O-O d5 19. f4 Bd6 20. Rf3 Kh7 21. Rg3
Qd3 22. Nec4 Qc2 23. Nxd6 Qxd2 24. Qb6 Rb8 25. Qc7 Qxb2 26. Rf1 Qb6+ 27. Qxb6
Rxb6 28. a4 c5 29. Nb5 Bxb5 30. axb5 Rxb5 31. f5 Rb3 32. Rf4 e5 33. Rh4 Ra8 34.
Rhg4 Ra1+ 35. Kf2 Ra2+ 0-1

[Event "III TSz o Puchar Prezesa Fundacji na Rzecz Kultury Fizycznej i Sportu"]
[Site "Kolbuszowa"]
[Date "1899-12-30"]
[Round "1.7"]
[White "Babiarz, Arkadiusz"]
[Black "Stefanski, Adam"]
[Result "1-0"]
[WhiteTitle "I++"]
[BlackTitle "II+"]
[WhiteElo "1837"]
[BlackElo "1459"]

1. e4 d6 2. d4 g6 3. Nc3 Bg7 4. Be3 Nf6 5. Qd2 O-O 6. h3 Nbd7 7. Nf3 c5 8. Be2
a6 9. O-O b5 10. dxc5 Nxc5 11. e5 Nfe4 12. Nxe4 Nxe4 13. Qd5 Bf5 14. g4 Nxf2 15.
gxf5 Nxh3+ 16. Kh2 gxf5 17. Kxh3 Qd7 18. Kh2 Rac8 19. Bd3 f4 20. Qe4 f5 21. exf6
Rxf6 22. Bxf4 Rg6 23. Rg1 Rg4 24. Qxh7+ Kf8 25. Bf5 Rxc2+ 26. Bxc2 Rxf4 27. Qxg7+
Ke8 28. Qg8+ Rf8 1-0

[Event "III TSz o Puchar Prezesa Fundacji na Rzecz Kultury Fizycznej i Sportu"]
[Site "Kolbuszowa"]
[Date "1899-12-30"]
[Round "1.8"]
[White "Zieba, Hubert"]
[Black "Fic, Wieslaw"]
[Result "1-0"]
[WhiteTitle "I"]
[BlackTitle "I+"]
[WhiteElo "1414"]
[BlackElo "1798"]

1. c4 e5 2. g3 f5 3. Bg2 Nf6 4. a3 g6 5. Nc3 Bg7 6. d3 O-O 7. Bd2 Nc6 8. Nf3 d6
9. O-O h6 10. b4 Ne7 11. Qc2 g5 12. h3 Be6 13. Qb3 Qd7 14. Qc2 Rf7 15. Bxg5 hxg5
16. Nxg5 Rff8 17. Bxb7 Rab8 18. Bg2 Bh6 19. Nxe6 Qxe6 20. Qa4 f4 21. Qxa7 fxg3
22. fxg3 c5 23. b5 Nf5 24. Nd5 Kh8 25. Nxf6 Be3+ 26. Kh2 Qxf6 27. Be4 Qg7 28.
Qxg7+ Nxg7 29. a4 Ne6 30. a5 Nd4 31. a6 Nb3 32. Rxf8+ Rxf8 33. Ra3 Nd2 34. h4
Nf1+ 35. Kh3 Bc1 36. Ra1 Bb2 37. Rb1 Bd4 38. a7 1-0

[Event "III TSz o Puchar Prezesa Fundacji na Rzecz Kultury Fizycznej i Sportu"]
[Site "Kolbuszowa"]
[Date "1899-12-30"]
[Round "1.9"]
[White "Bojczewski, Mateusz"]
[Black "Tomkowicz, Kamil"]
[Result "1/2-1/2"]
[WhiteTitle "I+"]
[BlackTitle "II"]
[WhiteElo "1797"]
[BlackElo "1402"]

1. e4 e6 2. d4 d5 3. exd5 exd5 4. Bd3 Bd6 5. Nf3 Nf6 6. O-O O-O 7. Bg5 h6 8. Bh4
g5 9. Bg3 Bg4 10. Nbd2 Nc6 11. c3 Nh5 12. Qc2 Nf4 13. Bxf4 Bxf4 14. h3 Be6 15.
Rfe1 Qd7 16. Nf1 g4 17. hxg4 Bxg4 18. N1h2 Kh8 19. Nxg4 Qxg4 20. Bf5 Qh5 21. Bh3
Rg8 22. Qf5 Qxf3 23. Qf6+ Rg7 24. Qxg7+ Kxg7 25. gxf3 Rg8 26. Kh1 Kf6 27. Rg1
Rh8 28. Rg4 Bd6 29. Re1 Ne7 30. b3 Ng6 31. c4 h5 32. Rgg1 Nf4 33. Bf1 c6 34. c5
Bc7 35. Rd1 h4 36. Rg4 h3 37. b4 a6 38. a4 h2 39. b5 axb5 40. axb5 Nh3 41. Rd2
Re8 42. b6 Bb8 43. Rg3 Bxg3 44. fxg3 Re1 45. Kxh2 Rxf1 46. Kxh3 Rxf3 47. Kg4 Rf1
48. Rd3 Rf2 49. Rf3+ Rxf3 50. Kxf3 Kg5 51. g4 f5 52. gxf5 Kxf5 53. Ke4+ Ke5+ 1/2-1/2

[Event "III TSz o Puchar Prezesa Fundacji na Rzecz Kultury Fizycznej i Sportu"]
[Site "Kolbuszowa"]
[Date "1899-12-30"]
[Round "1.10"]
[White "Labedz, Dawid"]
[Black "Bojczewski, Rafal"]
[Result "0-1"]
[WhiteTitle "II"]
[BlackTitle "I+"]
[WhiteElo "1395"]
[BlackElo "1768"]

1. e4 e5 2. Nf3 Nc6 3. d4 exd4 4. Nxd4 Nf6 5. Nc3 Bb4 6. Bg5 h6 7. Nxc6 bxc6 8.
Bxf6 Qxf6 9. Qf3 Qe5 10. Kd2 O-O 11. Re1 d5 12. exd5 Qg5+ 13. Qe3 Qxe3+ 14. fxe3
cxd5 15. a3 Be7 16. Nb5 c6 17. Nd4 c5 18. Nf3 Bf6 19. b3 Rd8 20. Kc1 Bc3 21. Rd1
Be6 22. g3 Rab8 23. Kb1 c4 24. Ka2 cxb3+ 25. cxb3 d4 26. Rb1 dxe3 27. Be2 Bf5
28. Rbd1 Rxd1 29. Bxd1 Bd3 30. Ne1 Bxe1 31. Rxe1 e2 32. Bxe2 Re8 33. Bxd3 Rxe1
34. Kb2 Rh1 35. Kc3 Rxh2 36. Kb4 Rh3 37. Kb5 Rxg3 38. Bc4 Rg6 39. a4 h5 40. b4
h4 41. a5 h3 42. Bd5 Rg5 43. Kc6 Rxd5 44. Kxd5 h2 45. b5 h1=Q+ 46. Kd6 Qb7 0-1

[Event "III TSz o Puchar Prezesa Fundacji na Rzecz Kultury Fizycznej i Sportu"]
[Site "Kolbuszowa"]
[Date "1899-12-30"]
[Round "1.11"]
[White "Kretowicz, Piotr"]
[Black "Lenart, Jakub"]
[Result "0-1"]
[WhiteTitle "I"]
[BlackTitle "II"]
[WhiteElo "1768"]
[BlackElo "1360"]

1. e4 c5 2. Nf3 e6 3. d4 cxd4 4. Nxd4 a6 5. Bd3 Nc6 6. Nxc6 bxc6 7. O-O d5 8. Qe2
Bc5 9. Nd2 Bb7 10. Kh1 Ne7 11. f4 O-O 12. Nf3 Bd6 13. Ng5 h6 14. Nf3 c5 15. b3
dxe4 16. Bxe4 Nd5 17. Qf2 f5 18. Bd3 Qf6 19. Bd2 Bxf4 20. Qxc5 Rac8 21. Qf2 Bxd2
22. Nxd2 Nb4 23. Bc4 Nxc2 24. Qb6 Bd5 25. Rac1 Rc6 26. Qf2 Nb4 27. a3 Bxc4 28.
Rxc4 Rxc4 29. Nxc4 Nd5 30. Qe2 Rb8 31. b4 Nc3 32. Qe3 Nb5 33. h3 Kh8 34. Re1 Rc8
35. Na5 Nd4 36. Qd3 e5 37. Rd1 f4 38. Nb3 Nxb3 39. Qxb3 Re8 40. Qa4 Qe6 41. Qd7
e4 42. Qxe6 Rxe6 43. Kg1 Rc6 44. Rd4 e3 45. Kf1 g5 46. Re4 Kg7 47. g3 Rc1+ 48.
Kg2 Rc2+ 49. Kf1 Rf2+ 50. Kg1 Rf3 51. gxf4 gxf4 52. Kg2 Rf2+ 53. Kg1 Kf6 54. a4
Kf5 0-1

[Event "III TSz o Puchar Prezesa Fundacji na Rzecz Kultury Fizycznej i Sportu"]
[Site "Kolbuszowa"]
[Date "1899-12-30"]
[Round "1.12"]
[White "Starzec, Patrycja"]
[Black "Gluch, Pawel"]
[Result "0-1"]
[WhiteTitle "II+"]
[BlackTitle "I"]
[WhiteElo "1237"]
[BlackElo "1754"]

1. d4 Nf6 2. c4 g6 3. Nc3 Bg7 4. e4 d6 5. Nf3 O-O 6. g3 Nbd7 7. Bg2 e5 8. d5 Nc5
9. Qc2 a5 10. O-O Ne8 11. Nh4 f5 12. exf5 gxf5 13. Be3 Bd7 14. Bxc5 dxc5 15. Nf3
Nd6 16. Nd2 a4 17. Rae1 a3 18. b3 Qf6 19. Ne2 Qh6 20. f4 e4 21. Kh1 Ne8 22. Ng1
Nf6 23. Nh3 Ng4 24. Re2 Qf6 25. Rfe1 Qb2 26. Nf1 Bd4 27. Qd1 Qc3 28. Rc2 Qb4 29.
Ree2 b5 30. Nd2 Ne3 31. Qc1 Nxc2 32. Qxc2 bxc4 33. Nxc4 Bb5 34. Ng5 Bxc4 35. bxc4
Rab8 36. h4 Qb1+ 37. Kh2 Qxc2 38. Rxc2 Rb2 0-1

[Event "III TSz o Puchar Prezesa Fundacji na Rzecz Kultury Fizycznej i Sportu"]
[Site "Kolbuszowa"]
[Date "1899-12-30"]
[Round "1.13"]
[White "Marciniak, Leonard"]
[Black "Mazurek, Maja"]
[Result "0-1"]
[WhiteTitle "II+"]
[BlackTitle "I"]
[WhiteElo "1740"]
[BlackElo "1231"]

1. Nf3 d5 2. c4 c6 3. g3 Nf6 4. Bg2 Bg4 5. b3 Bxf3 6. Bxf3 e5 7. O-O Bc5 8. Bb2
e4 9. Bg2 O-O 10. d4 Bb4 11. a3 Ba5 12. e3 Qd7 13. b4 Bd8 14. Nd2 Na6 15. Bc3
Nc7 16. c5 Nb5 17. Bb2 a5 18. a4 Na7 19. Bc3 axb4 20. Bxb4 Nc8 21. Qc2 Re8 22.
Rfb1 Ne7 23. Rb2 Ba5 24. Bf1 Reb8 25. Qc3 Bxb4 26. Qxb4 Qc7 27. a5 Nc8 28. Nb1
h6 29. Nc3 Nh7 30. Ra4 Ng5 31. Rba2 Nf3+ 32. Kh1 f6 33. Qa3 Kf7 34. a6 b6 35.
cxb6 Nxb6 36. Ra5 Ra7 37. Rc2 Qd7 38. Na4 Nc4 39. Bxc4 Qh3 40. Bxd5+ cxd5 0-1

[Event "III TSz o Puchar Prezesa Fundacji na Rzecz Kultury Fizycznej i Sportu"]
[Site "Kolbuszowa"]
[Date "1899-12-30"]
[Round "2.1"]
[White "Gluch, Pawel"]
[Black "Mika, Tomasz"]
[Result "0-1"]
[WhiteTitle "I"]
[BlackTitle "I++"]
[WhiteElo "1754"]
[BlackElo "2184"]

1. e4 c5 2. Nf3 d6 3. d4 cxd4 4. Qxd4 a6 5. Bg5 Nc6 6. Qe3 h6 7. Bh4 g5 8. Bg3
Bg7 9. Nc3 Nf6 10. h3 Qa5 11. Be2 Nxe4 12. O-O Nxc3 13. bxc3 Qxc3 14. Bd3 Qc5
15. Rae1 Qxe3 16. Rxe3 O-O 17. Rb1 f5 18. Bc4+ Kh8 19. Bh2 f4 20. Ree1 b5 21.
Bd5 Bd7 22. Nd2 Bc3 23. Rbd1 e5 24. Rf1 Bxd2 25. Rxd2 Rac8 26. Rfd1 Nd4 27. Bb7
Rc7 28. Be4 Rc3 0-1

[Event "III TSz o Puchar Prezesa Fundacji na Rzecz Kultury Fizycznej i Sportu"]
[Site "Kolbuszowa"]
[Date "1899-12-30"]
[Round "2.2"]
[White "Pulik, Krzysztof"]
[Black "Mirowska, Oliwia"]
[Result "1-0"]
[WhiteTitle "k"]
[BlackTitle "I++"]
[WhiteElo "2128"]
[BlackElo "1724"]

1. e4 d6 2. d4 Nf6 3. Bd3 e5 4. c3 Be7 5. h3 c6 6. Nf3 Nbd7 7. Nbd2 a6 8. a4 b6
9. Qe2 Bb7 10. O-O O-O 11. Nc4 Qc7 12. Ne3 Rfe8 13. Nf5 Nf8 14. dxe5 dxe5 15.
Bc4 Ng6 16. Qc2 c5 17. Re1 Rad8 18. Bg5 Rf8 19. g3 Ne8 20. Rad1 Bxg5 21. Nxg5
h6 22. Nf3 Nf6 23. Nd2 Ne7 24. Nxe7+ Qxe7 25. f3 Nh5 26. Nf1 Qg5 27. Kh2 Kh8 28.
h4 Qe7 29. Ne3 Qf6 30. Qg2 g6 31. Qe2 a5 32. Ng4 Qg7 33. Rxd8 Rxd8 34. Rd1 Rxd1
35. Qxd1 f5 36. Nxh6 fxe4 37. Qd8+ Kh7 38. Bg8+ e3 1-0

[Event "III TSz o Puchar Prezesa Fundacji na Rzecz Kultury Fizycznej i Sportu"]
[Site "Kolbuszowa"]
[Date "1899-12-30"]
[Round "2.3"]
[White "Sobich, Stanislaw"]
[Black "Polok, Rafal"]
[Result "0-1"]
[WhiteTitle "I"]
[BlackTitle "I++"]
[WhiteElo "1705"]
[BlackElo "2075"]

1. e4 e6 2. Nf3 d5 3. exd5 exd5 4. d4 c5 5. Bb5+ Bd7 6. Qe2+ Qe7 7. O-O Qxe2 8.
Bxe2 Nc6 9. c3 Bd6 10. Re1 Nge7 11. Bg5 O-O 12. Bd3 c4 13. Bc2 f6 14. Bh4 Bf5
15. Bxf5 Nxf5 16. Bg3 b5 17. Nbd2 b4 18. Re6 Rfd8 19. Nh4 Nxg3 20. hxg3 Kf7 21.
Rae1 Rac8 22. Nf5 Bf8 23. R6e2 a5 24. Nb1 Rb8 25. Ne3 Rb5 26. Nc2 Rdb8 27. Re6
Ne5 28. dxe5 Kxe6 29. Nd4+ Kf7 30. Nxb5 Rxb5 31. exf6 gxf6 32. Kf1 bxc3 33. Nxc3
Rxb2 34. Nxd5 Rxa2 35. Rc1 Ra4 36. Nb6 Rb4 37. Nxc4 a4 38. Ke2 a3 39. Nxa3 Re4+
40. Kf3 Bxa3 41. Ra1 Ra4 42. Ra2 Kg6 43. Ke2 Ra7 44. Kf3 Bc5 45. Rc2 Ra3+ 46.
Kg4 Bd4 47. Rd2 Ra4 48. Kh3 Rb4 49. Kh2 Kf5 50. f3 Be5 51. Rd1 Rh4+ 52. Kg1 Bd4+
0-1

[Event "III TSz o Puchar Prezesa Fundacji na Rzecz Kultury Fizycznej i Sportu"]
[Site "Kolbuszowa"]
[Date "1899-12-30"]
[Round "2.4"]
[White "Wiejaczka, Bartlomiej"]
[Black "Dziewonski, Dariusz"]
[Result "1/2-1/2"]
[WhiteTitle "I"]
[BlackTitle "I"]
[WhiteElo "2022"]
[BlackElo "1707"]

1. e4 c5 2. Nf3 e6 3. Nc3 a6 4. d4 cxd4 5. Nxd4 Qc7 6. Bd3 Nf6 7. O-O d6 8. Kh1
Be7 9. f4 Nbd7 10. f5 e5 11. Nde2 b5 12. a3 Bb7 13. Ng3 O-O 14. Nh5 Rac8 15. Bg5
Rfe8 16. Nxf6+ Bxf6 17. Qg4 Bxg5 18. Qxg5 Qd8 19. Qg3 Nf6 20. Rae1 Qb6 21. Qe3
1/2-1/2

[Event "III TSz o Puchar Prezesa Fundacji na Rzecz Kultury Fizycznej i Sportu"]
[Site "Kolbuszowa"]
[Date "1899-12-30"]
[Round "2.5"]
[White "Lenart, Jakub"]
[Black "Gawor, Jan Pawel"]
[Result "0-1"]
[WhiteTitle "II"]
[BlackTitle "I+"]
[WhiteElo "1360"]
[BlackElo "1920"]

1. d4 Nf6 2. c4 c5 3. d5 b5 4. Nf3 bxc4 5. Nc3 d6 6. e4 Nbd7 7. Bxc4 g6 8. O-O
Bg7 9. Be3 Qb6 10. Qc2 Ng4 11. Bf4 Ba6 12. Bxa6 Qxa6 13. Rab1 O-O 14. h3 Nge5
15. Nxe5 Nxe5 16. Bxe5 Bxe5 17. f4 Bd4+ 18. Kh1 Rab8 19. a3 Rb7 20. h4 Rfb8 21.
Rf3 Rb3 22. Qd2 Qa5 23. Qc2 Bxc3 24. Rc1 Bxb2 25. Rxb3 Rxb3 26. Qxb3 Bxc1 27.
f5 Qe1+ 28. Kh2 Qxh4+ 29. Kg1 Qe1+ 30. Kh2 Qxe4 31. fxg6 hxg6 32. Qh3 Qf4+ 33.
Kh1 Qh6 34. Qxh6 Bxh6 0-1

[Event "III TSz o Puchar Prezesa Fundacji na Rzecz Kultury Fizycznej i Sportu"]
[Site "Kolbuszowa"]
[Date "1899-12-30"]
[Round "2.6"]
[White "Meers, Hubert"]
[Black "Zieba, Hubert"]
[Result "1-0"]
[WhiteTitle "I+"]
[BlackTitle "I"]
[WhiteElo "1910"]
[BlackElo "1414"]

1. e4 c5 2. Nf3 Nc6 3. d4 cxd4 4. Nxd4 g6 5. c4 Nf6 6. Nc3 Nxd4 7. Qxd4 d6 8. Be3
Bg7 9. Be2 O-O 10. Qd2 Be6 11. f3 Qa5 12. Rc1 Rfc8 13. b3 a6 14. O-O Rc6 15. Nd5
Qxd2 16. Bxd2 Bxd5 17. cxd5 Rcc8 18. Be3 Nd7 19. f4 Bb2 20. Rxc8+ Rxc8 21. Bg4
Rc7 22. Bxd7 Rxd7 23. Bb6 Ba3 24. Kf2 Bc5+ 25. Bxc5 dxc5 26. Rc1 b6 27. a4 a5
28. Ke3 Rd6 29. Rd1 e6 30. Rd3 exd5 31. Rxd5 Re6 32. g4 Kf8 33. Rd8+ Ke7 34. Rb8
Rc6 35. Rb7+ Kf6 36. e5+ Ke6 37. Ke4 f5+ 38. exf6 Kxf6 39. Kd5 Re6 40. g5+ 1-0

[Event "III TSz o Puchar Prezesa Fundacji na Rzecz Kultury Fizycznej i Sportu"]
[Site "Kolbuszowa"]
[Date "1899-12-30"]
[Round "2.7"]
[White "Mazurek, Maja"]
[Black "Babiarz, Arkadiusz"]
[Result "0-1"]
[WhiteTitle "I"]
[BlackTitle "I++"]
[WhiteElo "1231"]
[BlackElo "1837"]

1. d4 d5 2. c4 dxc4 3. Nc3 a6 4. a4 Nc6 5. e3 Na5 6. Nf3 Nf6 7. Ne5 Be6 8. f4 g6
9. Be2 Bg7 10. O-O O-O 11. h3 c5 12. Rf2 Nb3 13. Ra3 Nxc1 14. Qxc1 cxd4 15. exd4
Qxd4 16. Qd1 Qxd1+ 17. Bxd1 Rfd8 18. Bf3 Rab8 19. Ra1 Nd7 20. Nxd7 Rxd7 21. Rff1
Rd2 22. Rab1 Bf5 23. Be4 Bxc3 24. Bxf5 Bd4+ 25. Kh2 gxf5 26. b3 c3 27. Rbd1 Rxd1
28. Rxd1 c2 0-1

[Event "III TSz o Puchar Prezesa Fundacji na Rzecz Kultury Fizycznej i Sportu"]
[Site "Kolbuszowa"]
[Date "1899-12-30"]
[Round "2.9"]
[White "Fic, Wieslaw"]
[Black "Bojczewski, Mateusz"]
[Result "0-1"]
[WhiteTitle "I+"]
[BlackTitle "I+"]
[WhiteElo "1798"]
[BlackElo "1797"]

1. e4 c6 2. c4 d5 3. exd5 cxd5 4. cxd5 Qxd5 5. Nc3 Qa5 6. Nf3 Nc6 7. d4 e6 8. Bd3
Nf6 9. O-O Be7 10. Qe2 O-O 11. Bg5 Nxd4 12. Nxd4 Qxg5 13. Rae1 Qh5 14. Nf3 b6
15. Ne5 Qxe2 16. Bxe2 Bb7 17. Rd1 Rfd8 18. Bb5 Bb4 19. Nc6 Rxd1 20. Nxd1 Bc5 21.
Ne5 Rd8 22. Nc3 Bd4 23. Rd1 Ne4 24. Nxe4 Bxe4 25. Be2 Rd5 26. Nc6 Bxf2+ 27. Kxf2
Rxd1 28. Nxa7 Rd2 29. Ke3 Rxb2 30. a4 Bxg2 31. Nc8 Bb7 32. Nd6 Bc6 33. Bd1 Ra2
0-1

[Event "III TSz o Puchar Prezesa Fundacji na Rzecz Kultury Fizycznej i Sportu"]
[Site "Kolbuszowa"]
[Date "1899-12-30"]
[Round "2.10"]
[White "Tomkowicz, Kamil"]
[Black "Kretowicz, Piotr"]
[Result "0-1"]
[WhiteTitle "II"]
[BlackTitle "I"]
[WhiteElo "1402"]
[BlackElo "1768"]

1. e4 c5 2. d3 e6 3. Nf3 a6 4. g3 b5 5. Bg2 Bb7 6. O-O d6 7. Re1 Nf6 8. Nbd2 Be7
9. Nf1 Nbd7 10. h4 Qc7 11. N3h2 d5 12. Ng4 dxe4 13. dxe4 O-O 14. Bg5 Rad8 15.
Qe2 Rfe8 16. Nxf6+ Bxf6 17. c3 Bxg5 18. hxg5 c4 19. Red1 Nc5 20. Rxd8 Rxd8 21.
f4 g6 22. e5 Bxg2 23. Qxg2 Rd3 24. Nh2 Qd8 25. Rf1 Rd2 26. Qh3 Ne4 27. Ng4 Qb6+
28. Kh1 Qc6 29. Kg1 Qc5+ 30. Kh1 h5 31. gxh6 Kh7 32. Qh4 Nxc3 33. bxc3 Qc6+ 0-1

[Event "III TSz o Puchar Prezesa Fundacji na Rzecz Kultury Fizycznej i Sportu"]
[Site "Kolbuszowa"]
[Date "1899-12-30"]
[Round "2.11"]
[White "Kusiak, Mateusz"]
[Black "Marciniak, Leonard"]
[Result "1/2-1/2"]
[WhiteTitle "II"]
[BlackTitle "II+"]
[WhiteElo "1472"]
[BlackElo "1740"]

1. e4 c5 2. Nf3 e6 3. d4 cxd4 4. Nxd4 a6 5. Bd3 Qc7 6. Nc3 Nf6 7. Be3 Nc6 8. Qd2
b5 9. a3 Bb7 10. f3 Nxd4 11. Bxd4 Bc5 12. Be2 e5 13. Be3 O-O-O 14. O-O-O d5 15.
exd5 Nxd5 16. Bxc5 Qxc5 17. Ne4 Qc7 18. Bd3 Kb8 19. Qf2 Nf4 20. Nc5 Nxd3+ 21.
Rxd3 Rxd3 22. Nxd3 f6 23. Rd1 Rc8 24. Nb4 Qc5 25. Qe2 Qc4 26. Qf2 Qc5 27. Qe2
Qc4 28. Qf2 Qc5 1/2-1/2

[Event "III TSz o Puchar Prezesa Fundacji na Rzecz Kultury Fizycznej i Sportu"]
[Site "Kolbuszowa"]
[Date "1899-12-30"]
[Round "2.12"]
[White "Socha, Kamil"]
[Black "Labedz, Dawid"]
[Result "1-0"]
[WhiteTitle "II"]
[BlackTitle "II"]
[WhiteElo "1688"]
[BlackElo "1395"]

1. e4 c5 2. Nf3 Nc6 3. Bb5 g6 4. O-O Bg7 5. c3 d5 6. exd5 Qxd5 7. d4 c4 8. Qa4
Bd7 9. Qxc4 Qd6 10. b3 a6 11. Bxc6 Bxc6 12. Ba3 Qd7 13. Qd3 f5 14. Nbd2 e5 15.
Qe2 e4 16. Nc4 O-O-O 17. Nb6+ 1-0

[Event "III TSz o Puchar Prezesa Fundacji na Rzecz Kultury Fizycznej i Sportu"]
[Site "Kolbuszowa"]
[Date "1899-12-30"]
[Round "2.13"]
[White "Stefanski, Adam"]
[Black "Nowakowski, Jacek"]
[Result "1-0"]
[WhiteTitle "II+"]
[BlackTitle "I"]
[WhiteElo "1459"]
[BlackElo "1674"]

1. c4 c5 2. Nc3 Nc6 3. Nf3 d6 4. g3 Nf6 5. Bg2 e5 6. d3 h6 7. O-O Be7 8. e4 Bg4
9. Qd2 Qd7 10. Ne1 Nd4 11. f3 Bh3 12. Ne2 Bxg2 13. Kxg2 Nxe2 14. Qxe2 g5 15. Nc2
Nh7 16. Ne3 O-O-O 17. Rb1 Nf8 18. Nd5 Ng6 19. b4 f5 20. bxc5 dxc5 21. Rb5 Bd6
22. Ba3 Qc6 23. exf5 Ne7 24. Nxe7+ Bxe7 25. Qxe5 Bd6 26. Qe6+ Kb8 27. Qe4 Qc7
28. Rfb1 b6 29. R5b2 Rhe8 30. Qg4 Re3 31. Rd2 Be5 32. Rbd1 Qf7 33. h4 Rd4 34.
Qh3 gxh4 35. Bb2 Rd6 36. Bxe5 Rxe5 37. Qxh4 Rxf5 38. Qe4 Re6 39. Qg4 h5 40. Qh4
Rxf3 41. Qd8+ Kb7 42. Qd5+ 1-0

[Event "III TSz o Puchar Prezesa Fundacji na Rzecz Kultury Fizycznej i Sportu"]
[Site "Kolbuszowa"]
[Date "1899-12-30"]
[Round "2.14"]
[White "Mroz, Lena"]
[Black "Starzec, Patrycja"]
[Result "1-0"]
[WhiteTitle "I++"]
[BlackTitle "II+"]
[WhiteElo "1636"]
[BlackElo "1237"]

1. e4 e5 2. Nf3 Nc6 3. d4 exd4 4. Nxd4 d6 5. Nxc6 bxc6 6. Nc3 g6 7. Qd4 Qf6 8.
Qd3 Ne7 9. Be3 Bg7 10. O-O-O O-O 11. f3 Qe6 12. g4 c5 13. h4 h6 14. g5 h5 15.
Bh3 f5 16. gxf6 Qxf6 17. Bg5 Qf7 18. Bxc8 Nxc8 19. a3 Nb6 20. f4 Rab8 21. e5 dxe5
22. fxe5 Bxe5 23. Rhf1 Qg7 24. Rxf8+ Rxf8 25. Bd2 Bf4 26. Rg1 Bxd2+ 27. Qxd2 Kh7
28. Qe2 Rf5 29. Ne4 Na4 30. c3 Qe5 31. Qg2 Qf4+ 32. Kb1 Qh6 33. Ng5+ Kh8 34. Qe4
Nb6 35. Qxf5 gxf5 36. Nf7+ Kh7 37. Nxh6 Kxh6 38. Kc2 Nd5 39. Kd3 Nf4+ 40. Kc4
Ng6 41. Kxc5 Nxh4 42. Kd5 f4 43. Ke4 f3 44. Ke3 a5 45. a4 c5 46. b3 Ng6 47. Kxf3
Ne7 48. Ke4 h4 49. c4 Kh5 50. Kf4 h3 51. Kg3 Nf5+ 52. Kxh3 Nd4 53. Rg3 Ne2 54.
Re3 Nf4+ 55. Kg3 Ng6 56. Rd3 Kh6 57. Rd5 Ne7 58. Rxc5 1-0

[Event "III TSz o Puchar Prezesa Fundacji na Rzecz Kultury Fizycznej i Sportu"]
[Site "Kolbuszowa"]
[Date "1899-12-30"]
[Round "3.1"]
[White "Mika, Tomasz"]
[Black "Meers, Hubert"]
[Result "1-0"]
[WhiteTitle "I++"]
[BlackTitle "I+"]
[WhiteElo "2184"]
[BlackElo "1910"]

1. d4 Nf6 2. Bf4 g6 3. Nc3 d5 4. e3 Bg7 5. h4 c5 6. Nb5 Na6 7. c3 Bd7 8. Nf3 O-O
9. a4 cxd4 10. exd4 Bxb5 11. axb5 Nc7 12. Bd3 Qd7 13. Ne5 Qe6 14. Qe2 Nce8 15.
O-O Nd6 16. Ra2 Nf5 17. Nf3 Ne4 18. Re1 Rfe8 19. h5 Bf6 20. hxg6 hxg6 21. Be5
Kg7 22. Rea1 Qb6 23. Ra5 Nfd6 24. c4 Bxe5 25. c5 Qd8 26. dxe5 Nf5 27. Bxe4 dxe4
28. Qxe4 b6 29. Ra6 Rb8 30. c6 Ra8 31. R6a3 Qc7 32. Rd3 Red8 33. Rad1 a6 34. Rxd8
Rxd8 35. Rxd8 Qxd8 36. bxa6 Qa8 37. Qc4 e6 38. b4 Ne7 39. b5 Nd5 40. Ng5 Nc7 41.
Qh4 Qg8 42. Ne4 Nxb5 43. Qf6+ Kh6 44. Nd6 Nxd6 45. exd6 Qc8 46. d7 Qxc6 47. Qh4+
Kg7 48. d8=Q Qc1+ 49. Kh2 1-0

[Event "III TSz o Puchar Prezesa Fundacji na Rzecz Kultury Fizycznej i Sportu"]
[Site "Kolbuszowa"]
[Date "1899-12-30"]
[Round "3.2"]
[White "Gawor, Jan Pawel"]
[Black "Pulik, Krzysztof"]
[Result "1/2-1/2"]
[WhiteTitle "I+"]
[BlackTitle "k"]
[WhiteElo "1920"]
[BlackElo "2128"]

1. e4 e6 2. d4 d5 3. Nc3 Bb4 4. e5 c5 5. a3 Bxc3+ 6. bxc3 Ne7 7. Qg4 O-O 8. Bd3
Nbc6 9. Qh5 Ng6 10. Nf3 Qc7 11. Be3 c4 12. Bxg6 fxg6 13. Qg4 b5 14. h4 Rf5 15.
Ng5 Qe7 16. Qh3 h6 17. g4 Rf8 18. h5 Qe8 19. Nf3 Ne7 20. hxg6 Qxg6 21. Kd2 Qf7
22. Ng1 Bd7 23. g5 h5 24. Qxh5 Qxh5 25. Rxh5 Be8 26. Rh2 Bg6 27. Ne2 Kf7 28. Rah1
a5 29. Rb1 Rab8 30. Ng3 Nc6 31. Rhh1 b4 32. axb4 axb4 33. cxb4 Nxb4 34. Rb2 Rfc8
35. Ne2 Nc6 36. Rhb1 Rxb2 37. Rxb2 Rb8 38. Rxb8 Nxb8 1/2-1/2